| 000 | 01022nam0a22003131 4500 | ||
|---|---|---|---|
| 001 | v19\rc\1628245 | ||
| 005 | 20250618232525.0 | ||
| 035 | _a(NLR Aleph) 004744207 | ||
| 090 |
_a4507130 _c4507130 |
||
| 100 | _a20061002d1899 |||y0rusy50 ca | ||
| 101 | 0 | _arus | |
| 102 | _aRU | ||
| 105 | _aa j ||||| | ||
| 200 | 1 |
_aПосле азбуки _eВторая книга для кл. и дом. чтения _eВторой год обучения |
|
| 205 | _a2-е изд. | ||
| 210 |
_aСанкт-Петербург _cПетерб. учеб. маг. _d1899 |
||
| 215 |
_a200 с. _cил. _d22 |
||
| 300 | _aПеред загл. авт.: Н.Я. Некрасов | ||
| 532 | 1 | 3 | _aПосле азбуки |
| 700 | 1 |
_aНекрасов _bН.Я. _f1857-1908 _gНиколай Яковлевич |
|
| 801 | 0 |
_aRU _bNLR _gpsbo |
|
| 801 | 0 |
_aRU _bRuMoRGB _2psbo |
|
| 801 | 1 |
_aRU _bProSoft-M _2rusmarc |
|
| 852 |
_aNLR _j18.295.7.5(2) |
||
| 899 |
_aRuMoRGB _jD 47/516 |
||
| 899 | _aБАН | ||
| 942 | _cBOOK | ||
| 980 | _aNB | ||